Top 65 euroleague players in 2022-23 season - Statistics

General Stats
  • This quiz has been taken 707 times
  • The average score is 34 of 65
Answer Stats
Hint Answer % Correct
Monaco Mike James
93%
Partizan Belgrade Kevin Punter
91%
Olympiacos Sasha Vezenkov
90%
Anadolu Efes Shane Larkin
90%
Real Madrid Walter Tavares
89%
Partizan Belgrade Mathias Lessort
87%
FC Barcelona Nikola Mirotić
85%
Red Star Belgrade Facundo Campazzo
79%
Maccabi Tel Aviv Lorenzo Brown
78%
Anadolu Efes Vasilije Micić
78%
Monaco John Brown
76%
Olympiacos Kostas Sloukas
73%
Real Madrid Džanan Musa
70%
Anadolu Efes Will Clyburn
70%
Partizan Belgrade Zach Leday
70%
Real Madrid Mario Hezonja
67%
FC Barcelona Jan Vesely
66%
Maccabi Tel Aviv Wade Baldwin
66%
Red Star Belgrade Luca Vildoza
65%
Partizan Belgrade Dante Exum
64%
Red Star Belgrade Nemanja Nedović
63%
Baskonia Marcus Howard
62%
Olympiacos Moustapha Fall
62%
Alba Berlin Maodo Lo
61%
Partizan Belgrade James Nunnally
59%
ASVEL Nando De Colo
58%
FC Barcelona Nico Laprovittola
58%
Virtus Bologna Miloš Teodosić
56%
Fenerbahce Scottie Wilbekin
56%
Olympiacos Thomas Walkup
56%
Virtus Bologna Tornike Shengelia
56%
Real Madrid Guerschon Yabusele
54%
Monaco Elie Okobo
53%
Fenerbahce Nigel Hayes
53%
Fenerbahce Nick Calathes
52%
Zalgiris Keenan Evans
51%
FC Barcelona Tomas Satoransky
50%
Panatinaikos Dwayne Bacon
49%
Bayern Munich Vladimir Lučić
47%
Maccabi Tel Aviv Josh Nebo
43%
Monaco Donta Hall
41%
Milano Nicolo Melli
41%
Partizan Belgrade Ioannis Papapetrou
39%
Fenerbahce Johnatan Motley
39%
Baskonia Darius Thompson
37%
Milano Shabazz Napier
37%
Milano Brandon Davies
36%
Panathinaikos Deron Williams
36%
Zalgiris Edgaras Ulanovas
35%
Real Madrid Rudy Fernandez
35%
Baskonia Vanja Marinković
34%
Baskonia Rokas Giedraitis
31%
FC Barcelona Alex Abrines
29%
Olympiacos Kostas Papanikolau
29%
Virtus Bologna Marco Belinelli
29%
Olympiacos Shaquille McKissic
29%
Red Star Belgrade Ben Bentil
28%
Milano Kyle Hines
27%
Milano Billy Baron
26%
Real Madrid Adam Hanga
24%
FC Barcelona Corey Higgins
24%
Monaco Donatas Motiejunas
24%
Zalgiris Ignas Brazdeikis
23%
Valencia Jared Harper
13%
Bayern D.J Seeley
3%
No matching quizzes found
Score Distribution
Percent of People with Each Score
Percentile by Number Answered
Your Score History
You have not taken this quiz